000 00823nam a2200253Ia 4500
003 OSt
005 20221005095008.0
006 a|||||r|||| 00| 0
007 ta
008 221004b |||||||| |||| 00| 0 eng d
020 _a9780190255268 (pbk)
_cUSD 29.95
024 _a30021
037 _bIN579, 09/03/2017, Bharatiya Sahitya Bhavana
_cTextual
040 _aCRL
_cCRL
_beng
041 _2eng
_aeng
082 _aO111973:gN, Q5
100 _aSiraganian Lisa
_9619726
245 0 _aModernism's other work
_b the art object's political life
260 _aOxford
_bOxford University Press USA
_c2015
300 _aix,259p.
_ccm.
650 _aAMERICAN LITERATURE
942 _hO111973:gN, Q5
_cTEXL
_2cc
999 _c1002845
_d1002845